Legislatívne predpisy pre znalcov, tlmočníkov a prekladateľov zákon č. 382/2004 Z.z.
Saved in:
| Corporate Author: | |
|---|---|
| Other Authors: | |
| Format: | Book |
| Language: | Slovak |
| Published: |
Bratislava
Vydavateľstvo EKONÓM
2018
|
| Edition: | 1. vydanie |
| Subjects: | |
| Tags: |
No Tags, Be the first to tag this record!
|
MARC
| LEADER | 00000nam a2200000 4500 | ||
|---|---|---|---|
| 001 | 0250076 | ||
| 005 | 20240318125633.5 | ||
| 020 | |a 978-80-225-4531-0 | ||
| 041 | 0 | |a slo | |
| 044 | |a SK | ||
| 245 | 1 | 0 | |a Legislatívne predpisy pre znalcov, tlmočníkov a prekladateľov |b zákon č. 382/2004 Z.z. |c zostavovateľ: Marián Židó |
| 250 | |a 1. vydanie | ||
| 264 | 1 | |a Bratislava |b Vydavateľstvo EKONÓM |c 2018 | |
| 300 | |a [100 s.] | ||
| 610 | 2 | 0 | |a zákony |
| 610 | 2 | 0 | |a predpisy právne |
| 610 | 2 | 0 | |a vyhlášky |
| 610 | 2 | 0 | |a znalci |
| 610 | 2 | 0 | |a tlmočníci |
| 610 | 2 | 0 | |a prekladatelia |
| 610 | 2 | 0 | |a Slovensko |
| 700 | 1 | |a Židó, Marián | |
| 710 | 2 | |a Ekonomická univerzita v Bratislave | |